| 000 | 00757nam a22001697a 4500 | ||
|---|---|---|---|
| 008 | 110717s1968 ua|||||r|||| 000 0 ara d | ||
| 082 |
_222 _a287.694256944 _bد ر ا |
||
| 100 |
_926292 _aدراج، أحمد |
||
| 245 |
_aوثائق دير صهيون : _bبالقدس الشريف / _cتأليف أحمد دراج |
||
| 260 |
_aالقاهرة : _bمكتبة الأنجلو المصرية، 1968 _c1968 |
||
| 300 |
_a183 ص ؛ _c24 سم |
||
| 650 |
_926293 _aالرهبان |
||
| 650 |
_915201 _aالحروب الصليبية في فلسطين والشام |
||
| 653 |
_bAra _cJuly2011 |
||
| 942 |
_2ddc _cBB |
||
| 999 |
_c15690 _d15690 |
||